Rule of majority peoples' democracy: (Record no. 191389)

MARC details
000 -LEADER
fixed length control field 00673nam a22002057a 4500
005 - DATE AND TIME OF LATEST TRANSACTION
control field 20220825125102.0
010 ## - LCCN (DPL NO)
LC control number ENG-134659
020 ## - INTERNATIONAL STANDARD BOOK NUMBER
International Standard Book Number 9789354062445
Terms of availability 450.00
035 ## - SYSTEM CONTROL NUMBER
System control number EN-118191
037 ## - SOURCE OF ACQUISITION
Source of stock number/acquisition DBAD/PUB
082 ## - DEWEY DECIMAL CLASSIFICATION NUMBER
Classification number 342.54
100 ## - MAIN ENTRY--PERSONAL NAME
Personal name Prabha, Surya
245 ## - TITLE STATEMENT
Title Rule of majority peoples' democracy:
Remainder of title model constitution & constitutional principles/
Statement of responsibility, etc Surya prabha & Sita raman
260 ## - PUBLICATION, DISTRIBUTION, ETC. (IMPRINT)
Place of publication, distribution, etc Visakhapatnam
Name of publisher, distributor, etc Emani
Date of publication, distribution, etc 2020
270 ## - ADDRESS
Address 22-72, Srinivasa nagar simhachalam
City vishakapatnam
Postal code 530028
Electronic mail address 143emani@gmail.com
300 ## - PHYSICAL DESCRIPTION
Extent 222 p.
Dimensions 21cm (pbk)
650 ## - SUBJECT ADDED ENTRY--TOPICAL TERM
Topical term or geographic name as entry element Constitution
700 ## - ADDED ENTRY--PERSONAL NAME
Personal name Prabha, Surya
942 ## - ADDED ENTRY ELEMENTS (KOHA)
Source of classification or shelving scheme Dewey Decimal Classification
Item type English Books
Classification part 342.54
Call number suffix PRA
Holdings
Withdrawn status Lost status Not for loan Collection code Home library Current library Date acquired Source of acquisition Cost, normal purchase price Full call number Barcode Copy number Cost, replacement price Koha item type
      Non-fiction Bawana Bawana 25/08/2022 DBAD/PUB 450.00 342.54 PRA EN-118191 1 450.00 English Books

© Delhi Public Library
Hit Counter
free hit counter